000 00281nam a2200109Ia 4500
001 1262084
005 20260417140404.0
008 260417s9999 xx 000 0 und d
020 _a9786051858227
245 0 _aResim Yazıları
_cNahid Sırrı Örik
260 _bEverest Yayınları
999 _c1262084
_d1262084